Jose Rizal : (Record no. 80819)
[ view plain ]
| 000 -LEADER | |
|---|---|
| fixed length control field | 00854nam a2200241z 4500 |
| 003 - CONTROL NUMBER IDENTIFIER | |
| control field | URS |
| 005 - DATE AND TIME OF LATEST TRANSACTION | |
| control field | 20241018181025.0 |
| 008 - FIXED-LENGTH DATA ELEMENTS--GENERAL INFORMATION | |
| fixed length control field | 190514s2005 ph |||| |||| 000 0 fil | |
| 020 ## - INTERNATIONAL STANDARD BOOK NUMBER | |
| International Standard Book Number | 971-08-6587-0 |
| 040 ## - CATALOGING SOURCE | |
| Language of cataloging | Tagalog |
| Transcribing agency | URS |
| Description conventions | rda |
| 050 14 - LIBRARY OF CONGRESS CALL NUMBER | |
| Classification number | DS675.8.R62 |
| Item number | J772 2005 |
| 100 1# - MAIN ENTRY--PERSONAL NAME | |
| 9 (RLIN) | 1441 |
| Personal name | Rivera, Frank G., |
| Relator term | author. |
| 245 10 - TITLE STATEMENT | |
| Title | Jose Rizal : |
| Remainder of title | iba't ibang pagtanaw / |
| Statement of responsibility, etc | Frank G. Rivera. |
| 264 #4 - PUBLICATION, DISTRIBUTION, ETC. (IMPRINT) | |
| Place of publication, distribution, etc | Manadaluyong City : |
| Name of publisher, distributor, etc | National Book Store, |
| Date of publication, distribution, etc | ©2005. |
| 300 ## - PHYSICAL DESCRIPTION | |
| Extent | xix, 231 pages : |
| Dimensions | 22 cm. |
| 336 ## - CONTENT TYPE | |
| Source | rdacontent |
| Content type term | text |
| Content type code | txt |
| 337 ## - MEDIA TYPE | |
| Source | rdamedia |
| Media type term | unmediated |
| Media type code | n |
| 338 ## - CARRIER TYPE | |
| Source | rdacarrier |
| Carrier type term | volume |
| Carrier type code | nc |
| 524 ## - PREFERRED CITATION OF DESCRIBED MATERIALS NOTE | |
| Preferred citation of described materials note | Rivera, F. G. (2005). Jose Rizal : Iba't ibang pagtanaw. Mandaluyong City: National Book Store. |
| 650 #0 - SUBJECT ADDED ENTRY--TOPICAL TERM | |
| 9 (RLIN) | 2 |
| Topical term or geographic name as entry element | Rizal, Jose Alonso, 1861-1896, |
| General subdivision | Drama |
| 650 #0 - SUBJECT ADDED ENTRY--TOPICAL TERM | |
| 9 (RLIN) | 2 |
| Topical term or geographic name as entry element | Rizal, Jose Alonso, 1861-1896, |
| General subdivision | Fiction |
| 942 ## - ADDED ENTRY ELEMENTS (KOHA) | |
| Source of classification or shelving scheme | Library of Congress Classification |
| Koha item type | Filipiniana |
| Withdrawn status | Lost status | Source of classification or shelving scheme | Damaged status | Not for loan | Collection code | Home library | Current library | Shelving location | Date acquired | Source of acquisition | Total Checkouts | Full call number | Barcode | Date last seen | Copy number | Koha item type |
|---|---|---|---|---|---|---|---|---|---|---|---|---|---|---|---|---|
| Library of Congress Classification | Non-fiction | Taytay College Library | Taytay College Library | Filipiniana Section | 10/10/2007 | Purchased | DS675.8.R62 J772 2005 | URSTAY-3080 | 06/02/2025 | 1 | Filipiniana | |||||
| Library of Congress Classification | Non-fiction | Taytay College Library | Taytay College Library | Filipiniana Section | 10/10/2007 | Purchased | DS675.8.R62 J772 2005 | URSTAY-3081 | 06/02/2025 | 2 | Filipiniana | |||||
| Library of Congress Classification | Non-fiction | Taytay College Library | Taytay College Library | Filipiniana Section | 10/10/2007 | Purchased | DS675.8.R62 J772 2005 | URSTAY-3082 | 06/02/2025 | 3 | Filipiniana | |||||
| Library of Congress Classification | Non-fiction | Taytay College Library | Taytay College Library | Filipiniana Section | 10/10/2007 | Purchased | DS675.8.R62 J772 2005 | URSTAY-3083 | 06/02/2025 | 4 | Filipiniana | |||||
| Lost | Library of Congress Classification | Non-fiction | Taytay College Library | Taytay College Library | Filipiniana Section | 10/10/2007 | Purchased | DS675.8.R62 J772 2005 | URSTAY-3084 | 10/18/2024 | 5 | Filipiniana |